| 000 | 05460nam a2200313 4500 | ||
|---|---|---|---|
| 003 | EC-UNACH | ||
| 005 | 20251028143024.0 | ||
| 006 | s||||gr|||| 00| 00 | ||
| 008 | 150116t9999 mx r gr 000 0 spa d | ||
| 020 | _a978-84-458-2069-8 | ||
| 040 |
_aEC-UNACH _cEC-UNACH |
||
| 041 | _aspa | ||
| 082 | 0 | 4 |
_223 _a614 GIL _bL017847 |
| 110 | _a Elsevier Health Sciences Spain, | ||
| 245 | _aTratado de medicina del trabajo : Introducción a la salud laboral . Aspectos jurídicos y técnicos | ||
| 250 | _aSegunda edición | ||
| 264 |
_aBarcelona _bElsevier Health Sciences Spain _c2012 |
||
| 300 |
_a465 páginas _bTablas, Figuras |
||
| 505 | _aINDICE. -- VOLUMEN I. Introducción a la salud laboral. Aspectos jurídicos y técnicos. -- Capítulo 1. Determinantes de salud. -- Capítulo 2. Trabajo y salud. -- Capítulo 3. La medicina del trabajo en la historia. -- Capítulo 4. Sociología laboral. Capítulo 5. La especialidad de medicina del trabajo. Evolución histórica. Docencia. La especialidad de enfermería del trabajo. -- Capítulo 6. Accidente de trabajo. -- Capítulo 7. Enfermedades profesionales. -- Capítulo 8. El Sistema de Seguridad Social. -- Capítulo 9. Incapacidad laboral y jubilación. -- Capítulo 10. El papel de las mutuas en la gestión de la incapacidad temporal por contingencias profesionales y comunes, así como en el subsidio por riesgo durante el embarazo y período de lactancia. -- Capítulo 11. Nociones de derecho laboral útiles para el médico del trabajo. -- Capítulo 12. La responsabilidad en materia de prevención de riesgos laborales. -- Capítulo 13. Valoración del daño en el ámbito laboral. -- Capítulo 14. Baremos de aplicación en el ámbito laboral. -- Capítulo 15. La gestión de las mutuas de accidentes de trabajo y enfermedades profesionales en la prevención de riesgos laborales. -- Capítulo 16. Derecho sanitario relacionado con la medicina del trabajo. -- Capítulo 17. La formación del personal sanitario y técnico en materia de prevención de riesgos laborales. -- Capítulo 18. Riesgo de incendios y explosiones. -- Capítulo 19. Riesgos eléctricos. -- Capítulo 20. Riesgos mecánicos. -- Capítulo 21. Ruido y vibraciones. -- Capítulo 22. Iluminación y estrés térmico. -- Capítulo 23. Radiaciones ionizantes y no ionizantes. -- Capítulo 24. Contaminantes químicos. -- Capítulo 25. Evaluación de la exposición laboral a agentes químicos. -- Capítulo 26. Agentes biológicos. -- Capítulo 27. Ergonomía en el diseño de puestos de trabajo. -- Capítulo 28. Tratamiento ergonómico de las condiciones ambientales: confort acústico, térmico, lumínico y cromático. -- Capítulo 29. La carga de trabajo: carga física y mental. -- Capítulo 30. Pantallas de visualización de datos. -- Capítulo 31. La empresa saludable. -- Capítulo 32. Gestión de residuos industriales. -- Capítulo 33. Certificación y calidad en los servicios de prevención. -- VOLUMEN II. Aspectos médicos de interés en salud laboral. -- Capítulo 34. Normalidad y anormalidad psíquica. Exploración psicodiagnóstica en medicina del trabajo. Selección de personal. profesiogramas. -- Capítulo 35. Estrés laboral. Burnout. Trabajo a turnos. Acoso en el trabajo (mobbing). -- Capítulo 36. Neumología laboral (I). Las enfermedades pulmonares ocupacionales: etiopatogenia, clasificación y diagnóstico. -- Capítulo 37. Neumología laboral (II). Neumoconiosis. Enfermedad pulmonar producida por gases tóxicos, humos y aerosoles inhalados. Neumonitis por hipersensibilidad. Síndrome del edificio enfermo. -- Capítulo 38. Neumología laboral (III). Neoplasias pleuropulmonares. Infecciones respiratorias. Asma y EPOC ocupacional. -- Capítulo 39. Oftalmología laboral. -- Capítulo vvvv40. Otorrinolaringología laboral. -- Capítulo 41. Traumatología laboral. -- Capítulo 42. Enfermedades reumáticas y trabajo. -- Capítulo 43. Dermatología laboral. -- Capítulo 44. Aparato cardiovascular y trabajo. -- Capítulo 45. Fisioterapia y rehabilitación. -- Capítulo 46. Toxicología industrial (I). Toxicidad de gases y vapores. -- Capítulo 47. Toxicología industrial (II). Toxicidad de los disolventes. -- Capítulo 48. Toxicología industrial (III). Toxicidad de los metales pesados. -- Capítulo 49. Toxicología industrial (IV). Toxicidad de los plaguicidas. -- Capítulo 50. Toxicología industrial (V). Carcinogénesis profesional de origen químico. -- Capítulo 51. Toxicología industrial (VI). Toxicidad de los plásticos. -- Capítulo 52. Reconocimientos médicos en vigilancia de la salud: protocolos específicos. -- Capítulo 53. Implantación y funcionamiento de un servicio de salud laboral en el seno del servicio de prevención. -- Capítulo 54. Salud laboral en las mutuas de accidentes de trabajo. -- Capítulo 55. Biomonitorización en el medio laboral. -- Capítulo 56. Diagnóstico genético en medicina del trabajo. -- Capítulo 57. Investigación en medicina del trabajo. -- Capítulo 58. Organización de la prevención en el sector hospitalario. -- | ||
| 650 | _aACCIDENTES DE TRABAJO | ||
| 650 | _aTOXICOLOGÍA INDUSTRIAL | ||
| 650 | _aINCENDIOS Y EXPLOSIONES | ||
| 650 | _aCONTAMINANTES QUÍMICOS | ||
| 700 | _aGil Hernández, Fernando | ||
| 942 |
_2ddc _c1 |
||
| 999 | _c14108 | ||